Bienvenue au Catalogue en Ligne des Bibliothèques de l'Universite du Burundi

Impacts de la jacinthe d´eau eichhornia crassipes sur les paramètres physico-chimiques et la diversité piscicole dans le littoral Nord-Est du lac tanganyika (Record no. 54029)

000 -GUIDE
Champ de contrôle de longueur fixe 01144nam a22002417a 4500
003 - IDENTITÉ DU NUMÉRO DE CONTRÔLE
Champ de contrôle BI-BuBU
008 - ÉLÉMENTS DE LONGUEUR FIXE - RENSEIGNEMENTS GÉNÉRAUX
Champ de contrôle de longueur fixe 260616b202616/6BD ||||f |||| 00| 0 fre d
037 ## - SOURCE D'ACQUISITION
Source d'acquisition et du numéro d'inventaire Don de l´auteur
039 ## - NIVEAU DE CONTRÔLE BIBLIOGRAPHIQUE ET HISTORIQUE D'ENCODAGE [OBSOLETE]
Date creation 20260616131002.0
Nom catalographe Jean Baptiste Ndikumana
040 ## - SOURCE DU CATALOGAGE
Organisme qui a effectué le catalogage original BI-BuBU
Code de la langue utilisée dans le catalogage fre
Organisme qui a effectué la transcription BI-BuBU
Organisme qui a effectué la modification BI-BuBU
080 ## - INDICE DE LA CLASSIFICATION DÉCIMALE UNIVERSELLE (CDU)
Indice de la Classification décimale universelle 635.965.281.5
100 1# - VEDETTE PRINCIPALE - NOM DE PERSONNE
Code de relation aut
Nom de personne Nigarura,Ariel
245 10 - MENTION DU TITRE
Titre Impacts de la jacinthe d´eau eichhornia crassipes sur les paramètres physico-chimiques et la diversité piscicole dans le littoral Nord-Est du lac tanganyika
Mention de responsabilité, etc. Ariel Nigarura;Claver Sibomana,directeur
260 ## - PUBLICATION, DIFFUSION, ETC. (ADRESSE BIBLIOGRAPHIQUE)
Lieu de publication, diffusion, etc. Bujumbura
Nom de l'éditeur, diffuseur, etc. université du Burundi,Faculté des Sciences
Date of publication, distribution, etc 2025
300 ## - DESCRIPTION MATÉRIELLE
Collation XI-46f
Dimensions 30cm
502 ## - NOTE DE THÈSE OU MÉMOIRE
Note de thèse Mémoire présenté en vue d´obtention du Diplôme de Master en Biologie des Organismes et Écologie
650 #7 - VEDETTE-MATIÈRE - NOM COMMUN
Source du terme BI-BuBU
Vedette de sujet ou vedette comportant un nom géographique Jacinthe d´eau eichhornia crassipes
Subdivision de forme Paramètre physico-chimique
Subdivision géographique Lac tanganyika (Littoral Nord-Est)
650 #7 - VEDETTE-MATIÈRE - NOM COMMUN
Vedette de sujet ou vedette comportant un nom géographique Jacinthe d´eau eichhornia crassipes
Subdivision de forme Diversité piscicole
Subdivision géographique Lac tanganyika ( Littoral Nord-Est)
655 #7 - TERME D'INDEXATION - GENRE OU FORME
Source du terme BI-BuBU
700 1# - VEDETTE SECONDAIRE - NOM DE PERSONNE
Code de relation dir.
Nom d'auteur Sibomana Claver
710 ## - VEDETTE SECONDAIRE - NOM DE COLLECTIVITÉ
Code de relation aut
Nom de la collectivité ou nom de lieu comme élément de classement Faculté des Sciences
942 ## - ÉLÉMENTS D'ENTRÉE ADDITIONNELLE (KOHA)
Source de la classification ou du système de rangement
Type d item koha Memoire
Holdings
Statut de retrait Statut de perte Source de la classification ou du système de rangement Statut de déterioration Exclu du prêt Numéro d item Koha Localisation permanente Localisation actuelle Date d'acquisition Source d'acquisition Nombre de prêts Cote Code-barres Date last seen Prix en vigueur à partir du Type d item koha
          85888 Bibliothèque Centrale Bibliothèque Centrale 16/06/2026 don de l´auteur   635.965.281.5 NIG. 5010000673000 16/06/2026 16/06/2026 Memoire
© 2019-2026 - Bibliothèques de l'Université du Burundi |Tous droits réservés
home | Pour toute information urgente Contactez nous | tel whatsupp: +25779204313